00590nam a22001572 4500001001100000005001700011008004100028040001500069110002300084245020200107250001300309260004200322300001400364651005100378852000300429000000975120151217155843.0081126s xx 000 0 eng d aKABUcKABU2 aKenya.@000015021510aKenya - Somalia relations :bnarrative of four years of inspired aggression and direct subversion mounted by the Somali Republic against the Government and people of the Republic of Kenya /cKenya. a1st ed. aNairobi :bGovernment Printer,c1967. ax, 65 p. 0aKenyaxForeign relationszSomalia.@00001615161